00695nam a2200241 a 4500001001300000003000900013005001700022008004100039020001000080082001300090100002500103245002100128260004200149300000900191500003500200505002300235650002700258700002500285902000800310942000700318952011300325999001500438nice12345678IN_TiNIC20260116012008.0050524s1963 newa grp 000 0 eng  ac10000a180bSTO aStockkhammer, Morris aPlato Dictionary aNew YorkbPhilosophical Libraryc1963 a287p aincludes index and biblioraphy2 aIllustrations, Ack aPhilosophy-Greek-Plato1 aStockkhammer, Morris bSRS cBK 001040708StackRoom-aHMIbHMId2007-03-15g100.00l0o180 STOp08232r2007-03-15v100.00w2005-05-24yBK c5205d5205